000 00823nam a2200265Ia 4500
003 OSt
005 20220925230630.0
006 a|||||r|||| 00| 0
007 ta
008 220923b |||||||| |||| 00| 0 eng d
020 _a1 856495477
037 _cGeneral Book
040 _aRTL
_cRTL
_beng
041 _2eng
_aeng
082 _aY49(J).5.N9, N8
100 _aApffel-Marglin Frederique Ed.
_9293982
245 0 _aSpirit of regeneration
_b Andean culture confronting western nations of development
260 _aLondon
_bZed Books
_c1998
300 _axv, 252p
_ccm.
500 _aBibliography chapterwise
650 _a Agriculture
_927
650 _aOccupational Sociology
_9230967
942 _hY49(J).5.N9, N8
_cGB
_2CC
999 _c586177
_d586177